<?xml version="1.0" encoding="UTF-8"?>
<record
    xmlns:xsi="http://www.w3.org/2001/XMLSchema-instance"
    xsi:schemaLocation="http://www.loc.gov/MARC21/slim http://www.loc.gov/standards/marcxml/schema/MARC21slim.xsd"
    xmlns="http://www.loc.gov/MARC21/slim">

  <leader>01049nam0a22002771  4500</leader>
  <controlfield tag="001">RU\NLR\INFOCOMM_190\5000070267</controlfield>
  <controlfield tag="005">20250613095531.0</controlfield>
  <datafield tag="035" ind1=" " ind2=" ">
    <subfield code="a">(NLR Aleph) 009297758</subfield>
  </datafield>
  <datafield tag="090" ind1=" " ind2=" ">
    <subfield code="a">9259896</subfield>
    <subfield code="c">9259896</subfield>
  </datafield>
  <datafield tag="100" ind1=" " ind2=" ">
    <subfield code="a">20101011d1982    |||y0rusy50      ca</subfield>
  </datafield>
  <datafield tag="101" ind1="1" ind2=" ">
    <subfield code="a">scr</subfield>
  </datafield>
  <datafield tag="102" ind1=" " ind2=" ">
    <subfield code="a">RU</subfield>
  </datafield>
  <datafield tag="105" ind1=" " ind2=" ">
    <subfield code="a">a   ||||000|y</subfield>
  </datafield>
  <datafield tag="200" ind1="1" ind2=" ">
    <subfield code="a">Integracija radi &#x10D;oveka</subfield>
    <subfield code="f">Nikolaj Fadejev</subfield>
    <subfield code="g">[Prev. M. Rozentalj i V. Poplavski]</subfield>
  </datafield>
  <datafield tag="210" ind1=" " ind2=" ">
    <subfield code="a">&#x39C;.</subfield>
    <subfield code="c">Izd. preduze&#x107;e Agencije za &#x161;tampu "Novosti"</subfield>
    <subfield code="d">1982</subfield>
  </datafield>
  <datafield tag="215" ind1=" " ind2=" ">
    <subfield code="a">92 &#x441;., 8 &#x43B;. &#x438;&#x43B;.</subfield>
    <subfield code="c">&#x438;&#x43B;., &#x43F;&#x43E;&#x440;&#x442;&#x440;., &#x43A;&#x430;&#x440;&#x442;.</subfield>
    <subfield code="d">16 &#x441;&#x43C;</subfield>
  </datafield>
  <datafield tag="300" ind1=" " ind2=" ">
    <subfield code="a">&#x412; &#x432;&#x44B;&#x43F;. &#x434;&#x430;&#x43D;.: &#x418;&#x43D;&#x442;&#x435;&#x433;&#x440;&#x430;&#x446;&#x438;&#x44F; &#x43D;&#x430; &#x431;&#x43B;&#x430;&#x433;&#x43E; &#x447;&#x435;&#x43B;&#x43E;&#x432;&#x435;&#x43A;&#x430; / &#x41D;. &#x424;&#x430;&#x434;&#x434;&#x435;&#x435;&#x432;</subfield>
  </datafield>
  <datafield tag="606" ind1=" " ind2=" ">
    <subfield code="a">&#x418;&#x43D;&#x442;&#x435;&#x433;&#x440;&#x430;&#x446;&#x438;&#x44F; (&#x44D;&#x43A;&#x43E;&#x43D;.) &#x441;&#x43E;&#x446;&#x438;&#x430;&#x43B;&#x438;&#x441;&#x442;&#x438;&#x447;&#x435;&#x441;&#x43A;&#x438;&#x445; &#x441;&#x442;&#x440;&#x430;&#x43D;</subfield>
    <subfield code="2">nlr_sh1</subfield>
  </datafield>
  <datafield tag="686" ind1=" " ind2=" ">
    <subfield code="a">&#x423;680.3</subfield>
    <subfield code="2">rubbk</subfield>
  </datafield>
  <datafield tag="700" ind1=" " ind2="1">
    <subfield code="9">z01790</subfield>
    <subfield code="a">Faddeev</subfield>
    <subfield code="b">N. V.</subfield>
    <subfield code="f">1911-</subfield>
    <subfield code="g">Nikolaj Vasil'evi&#x10D;</subfield>
    <subfield code="4">070</subfield>
  </datafield>
  <datafield tag="790" ind1=" " ind2="1">
    <subfield code="9">z01700</subfield>
    <subfield code="a">Fadejev</subfield>
    <subfield code="b">N.</subfield>
    <subfield code="g">Nikolaj</subfield>
    <subfield code="4">070</subfield>
  </datafield>
  <datafield tag="801" ind1=" " ind2="1">
    <subfield code="a">RU</subfield>
    <subfield code="b">NLR</subfield>
    <subfield code="c">20101011</subfield>
  </datafield>
  <datafield tag="801" ind1=" " ind2="0">
    <subfield code="a">RU</subfield>
    <subfield code="b">NLR</subfield>
    <subfield code="g">PSBO</subfield>
  </datafield>
  <datafield tag="852" ind1=" " ind2=" ">
    <subfield code="a">NLR</subfield>
    <subfield code="j">&#x421;&#x43B; &#x425;&#x43E;&#x440;&#x432;-1/410</subfield>
  </datafield>
  <datafield tag="942" ind1=" " ind2=" ">
    <subfield code="c">BOOK</subfield>
  </datafield>
  <datafield tag="980" ind1=" " ind2=" ">
    <subfield code="a">NB</subfield>
  </datafield>
  <datafield tag="995" ind1=" " ind2=" ">
    <subfield code="5">2013-10-26</subfield>
    <subfield code="b">NLR01</subfield>
    <subfield code="c">NLR01</subfield>
    <subfield code="e">IF</subfield>
    <subfield code="f">9297758-10</subfield>
    <subfield code="k">&#x421;&#x43B; &#x425;&#x43E;&#x440;&#x432;-1/410</subfield>
    <subfield code="o">0</subfield>
    <subfield code="r">BOOK</subfield>
    <subfield code="s">_1410</subfield>
  </datafield>
</record>
